| 000 | 01065nam a2200253 i 4500 | ||
|---|---|---|---|
| 005 | 20250519115530.0 | ||
| 008 | 250519t20202020-uka ar 000 1 eng d | ||
| 020 |
_a9783948930011 _cRM10.00 Denda _qhardback |
||
| 040 |
_aPPAK _beng _cPPAK _erda |
||
| 082 | 0 | 4 |
_223 _a428.6 |
| 090 | 0 | 0 |
_a428.6 _bTEN _dK |
| 245 | 0 | 0 |
_a10 Funny Penguins / _cIllustrator: Nastja Holtfreter |
| 246 | 3 | 1 | _aTen funny penguins |
| 264 | 1 |
_aLondon : _bEarly Learny, _c2020 |
|
| 264 | 4 | _c©2020 | |
| 300 |
_a10 pages (unnumbered pages) : _bcolour illustrations ; _c18 cm |
||
| 336 |
_atext _2rdacontent |
||
| 337 |
_aunmediated _2rdamedia |
||
| 338 |
_avolume _2rdacarrier |
||
| 520 | _aA fabulous and colorful picture board book specifically created for young children, '10 Funny Penguins' is a fun and interactive way to support different developmental milestones. It has been designed for children ages 0 to 3 to align with their developmental process. | ||
| 650 | 1 | 0 |
_aReaders _xFiction |
| 700 | 1 |
_aHoltfreter, Nastja, _eillustrator. |
|
| 942 |
_2ddc _cB |
||
| 999 |
_c199629 _d199629 |
||